00920nam a2200217 a 450000100100000000500170001000800410002704000250006804100380009308200190013110000290015024000780017924501150025726000370037230000280040953400880043765000340052504900090055995201170056899900170068500002556920250210091741.0110216s1975 ag a r 000 | spa d aDO-SdBNPbspacBNPHU aspaheng2Código de idioma MARC a371.425bR476e1 aRhodes, James A.,952255 0aVocational education and guidance : a system for the seventieslEspañol10aEducación y orientación vocacionales /cJames A. Rhodes ; versión castellana de Ana L. Laguzzi de Jones. aBuenos Aires :bPaidós,c1975. a170 p. :bil. ;c20 cm. aTítulo original :tVocational education and guidance : a system for the seventies 0aEnseñanza vocacional948659 aBNGR 001050718MOaGRbGRcCTd2011-02-17iLF1l0o371.425 R476ep25569-10r2020-06-25w2020-06-25y1ZNo se presta c25061d25061